[Event "Hilton Open 2013"]
[Site "Basel"]
[Date "2013.01.03"]
[Round "4.36"]
[White "Bagri, Jaspaul"]
[Black "Sand, Rolf"]
[Result "0-1"]
[WhiteElo "2178"]
[BlackElo "1949"]
[PlyCount "106"]
[EventDate "2013.??.??"]
[SourceDate "2013.01.01"]

1. c4 c5 2. g3 Nc6 3. Bg2 g6 4. Nf3 Bg7 5. O-O e6 6. Nc3 Nge7 7. d3 O-O 8. Bg5
h6 9. Bd2 d5 10. a3 b6 11. Rb1 a5 12. Nb5 Ba6 13. Bc3 d4 14. Bd2 Qd7 15. b4
axb4 16. axb4 Bxb5 17. cxb5 Nxb4 18. Bxb4 cxb4 19. Nd2 Nd5 20. Bxd5 Qxd5 21.
Rxb4 Ra2 22. Nc4 Qc5 23. Ra4 Ra8 24. Rxa8+ Rxa8 25. Qb3 Bf8 26. Rb1 h5 27. Qc2
Ra5 28. Qb3 Ra7 29. f3 Ra8 30. Kf2 Ra7 31. Qb2 Ra8 32. Qd2 Qc7 33. Qg5 Qc5 34.
Qf4 Bg7 35. Qe4 Ra2 36. Qc6 Qf5 37. Qxb6 Qxd3 38. Rb2 Qxc4 39. Rxa2 Qxa2 40.
Qd8+ Kh7 41. b6 Qd5 42. Qxd5 exd5 43. Ke1 Be5 44. Kd2 Kg7 45. Kd3 Kf6 46. f4
Bd6 47. Kxd4 Ke6 48. e3 f6 49. h3 g5 50. h4 gxh4 51. gxh4 Ba3 52. b7 Bd6 53.
Kd3 Bb8 0-1

[Event "Hilton Open 2013"]
[Site "Basel"]
[Date "2013.01.03"]
[Round "4.37"]
[White "Klumpp, Jochen"]
[Black "Michaelis, Nico"]
[Result "1/2-1/2"]
[WhiteElo "2070"]
[BlackElo "2165"]
[PlyCount "45"]
[EventDate "2013.??.??"]
[SourceDate "2013.01.01"]

1. c4 e6 2. g3 d5 3. Bg2 dxc4 4. Qa4+ Bd7 5. Qxc4 Bc6 6. Nf3 Nd7 7. O-O Ngf6 8.
d3 Be7 9. Nbd2 O-O 10. a3 Nd5 11. Rb1 N5b6 12. Qc2 Nf6 13. b3 Rc8 14. Bb2 Ne8
15. e4 Bb5 16. Nc4 c5 17. Rfe1 Bf6 18. Nfe5 Qc7 19. Nxb6 axb6 20. f4 Bxe5 21.
Bxe5 Qd7 22. Red1 Nf6 23. h3 1/2-1/2

[Event "Hilton Open 2013"]
[Site "Basel"]
[Date "2013.01.03"]
[Round "4.38"]
[White "Sommerhalder, Eric"]
[Black "Stolniceanu, Victor Dumitru"]
[Result "1-0"]
[WhiteElo "2054"]
[BlackElo "2135"]
[PlyCount "127"]
[EventDate "2013.??.??"]
[SourceDate "2013.01.01"]

1. e4 e5 2. d4 exd4 3. Qxd4 Nc6 4. Qe3 Nf6 5. Nc3 Bb4 6. Bd2 Qe7 7. O-O-O d6 8.
Bb5 O-O 9. Nge2 Bg4 10. f3 Bc5 11. Qg5 h6 12. Qh4 Be6 13. g4 Ne5 14. f4 Nf3 15.
Qg3 Nxd2 16. Rxd2 c6 17. Bd3 Nxg4 18. f5 Nf2 19. Rf1 Nxd3+ 20. cxd3 Qf6 21. d4
Bb6 22. h4 Bc7 23. Nf4 d5 24. fxe6 Bxf4 25. Qxf4 Qxf4 26. Rxf4 fxe6 27. Rdf2
Rxf4 28. Rxf4 dxe4 29. Nxe4 b6 30. Kd2 Rd8 31. Ke3 Rd5 32. Nc3 Ra5 33. Re4 Kf7
34. Re5 c5 35. dxc5 Kf6 36. Kf4 bxc5 37. Rxc5 g5+ 38. hxg5+ hxg5+ 39. Rxg5 e5+
40. Kg4 Ke6 41. Rg6+ Kf7 42. Rc6 Ke7 43. Kf5 Kd7 44. Re6 e4+ 45. Re5 Ra6 46.
Rxe4 Rh6 47. Ra4 a6 48. Ne4 Kc7 49. b4 Kb6 50. Nc5 Kb5 51. a3 Rh5+ 52. Kg4 Rd5
53. Ra5+ Kc4 54. Rxa6 Rd1 55. Kf5 Re1 56. Ne4 Kd4 57. Rd6+ Kc4 58. Ke5 Re3 59.
Rc6+ Kb5 60. Rc5+ Ka4 61. Ra5+ Kb3 62. Kd4 Rh3 63. b5 Rh5 64. Nc5+ 1-0

[Event "Hilton Open 2013"]
[Site "Basel"]
[Date "2013.01.03"]
[Round "4.39"]
[White "Bender, Dirk"]
[Black "Melkumjanz, Nikolay"]
[Result "0-1"]
[WhiteElo "2047"]
[BlackElo "2256"]
[PlyCount "96"]
[EventDate "2013.??.??"]
[SourceDate "2013.01.01"]

1. c4 g6 2. g3 Bg7 3. Bg2 c5 4. e3 Nc6 5. Ne2 e5 6. Nbc3 f5 7. d3 Nf6 8. O-O
O-O 9. a3 d6 10. Rb1 a5 11. Nd5 Nxd5 12. cxd5 Ne7 13. b4 cxb4 14. axb4 a4 15.
b5 Bd7 16. Ba3 Nc8 17. Qc2 Rf7 18. Nc3 Be8 19. Rfc1 Nb6 20. Bb4 Bf8 21. Ra1 Rc7
22. Qb2 h5 23. Ne2 Rh7 24. Bc3 h4 25. f4 Nd7 26. Bb4 g5 27. Qd2 gxf4 28. exf4
hxg3 29. hxg3 Qb6+ 30. Kf1 Nf6 31. fxe5 Bh6 32. Nf4 dxe5 33. Bc5 Qxb5 34. Rab1
Qd7 35. d6 exf4 36. Rxb7 f3 37. Rxd7 Bxd2 38. Rxh7 fxg2+ 39. Kxg2 Kxh7 40. Rc2
Bg5 41. Bd4 Nd7 42. Kf3 a3 43. Rh2+ Kg6 44. Ba1 Bf6 45. d4 Rb8 46. Re2 Bf7 47.
Re3 Bd5+ 48. Ke2 Rb2+ 0-1

[Event "Hilton Open 2013"]
[Site "Basel"]
[Date "2013.01.03"]
[Round "4.40"]
[White "Eidinger, Helmut"]
[Black "Ditzler, Juerg"]
[Result "1/2-1/2"]
[WhiteElo "2137"]
[BlackElo "2038"]
[PlyCount "73"]
[EventDate "2013.??.??"]
[SourceDate "2013.01.01"]

1. e4 g6 2. d4 Bg7 3. Nc3 d6 4. f4 c6 5. Nf3 Bg4 6. Be3 Qb6 7. Qd2 Nd7 8. Be2
e6 9. O-O Ne7 10. h3 Bxf3 11. Bxf3 d5 12. Kh1 h5 13. Kg1 h4 14. b4 dxe4 15.
Bxe4 Nf6 16. Rab1 Nxe4 17. Nxe4 Nf5 18. c3 O-O 19. Bf2 Qb5 20. Qe1 Qd5 21. Rb2
b5 22. Re2 a5 23. a3 axb4 24. axb4 Qc4 25. Rd2 Ra3 26. Bxh4 Nxh4 27. Qxh4 Rfa8
28. Rc1 Ra2 29. Qf2 Rxd2 30. Qxd2 Ra2 31. Rc2 Rxc2 32. Qxc2 f5 33. Nc5 Bxd4+
34. Kh2 Bxc5 35. bxc5 b4 36. Qd2 Qxc3 37. Qd8+ 1/2-1/2

[Event "Hilton Open 2013"]
[Site "Basel"]
[Date "2013.01.03"]
[Round "4.41"]
[White "Kaspereit, Holger"]
[Black "Staechelin, Ruedi"]
[Result "1/2-1/2"]
[WhiteElo "2094"]
[BlackElo "2078"]
[PlyCount "120"]
[EventDate "2013.??.??"]
[SourceDate "2013.01.01"]

1. e4 e5 2. Nf3 d6 3. d4 exd4 4. Nxd4 Nf6 5. Nc3 Be7 6. f3 c6 7. Be3 Be6 8. Qd2
Qa5 9. b4 Qd8 10. Rb1 Nbd7 11. f4 Nb6 12. Nxe6 fxe6 13. Be2 d5 14. e5 Ng8 15.
O-O Qd7 16. a4 Rd8 17. a5 Nc8 18. Bd4 Bf8 19. Bd3 Nh6 20. g4 Nxg4 21. f5 Nh6
22. Qe2 Qf7 23. f6 g6 24. Kh1 Qc7 25. f7+ Nxf7 26. Rf6 Be7 27. Rxe6 Qd7 28. Qg4
Ng5 29. Rxe7+ Qxe7 30. Bc5 Qxe5 31. Bd4 Qe6 32. Qxe6+ Nxe6 33. Bxh8 Ke7 34. Be5
Nd6 35. Rf1 Rf8 36. Rxf8 Nxf8 37. Bd4 Nc8 38. Bc5+ Ke8 39. Bxf8 Kxf8 40. Ne2
Ke7 41. Kg2 Kd6 42. c4 b6 43. axb6 axb6 44. Kf3 dxc4 45. Bxc4 Ne7 46. Ke4 b5
47. Bb3 c5 48. Nc3 cxb4 49. Nxb5+ Kc5 50. Nd4 Kd6 51. Nc2 Kc5 52. Nd4 Kd6 53.
h3 Nc6 54. Nxc6 Kxc6 55. Ke5 Kc5 56. Bg8 h6 57. Kf6 h5 58. Kxg6 h4 59. Kg5 Kd6
60. Kxh4 Ke7 1/2-1/2

[Event "Hilton Open 2013"]
[Site "Basel"]
[Date "2013.01.03"]
[Round "4.42"]
[White "Wehrle, Uwe"]
[Black "Moser, Guido"]
[Result "1-0"]
[WhiteElo "2117"]
[BlackElo "2006"]
[PlyCount "87"]
[EventDate "2013.??.??"]
[SourceDate "2013.01.01"]

1. d4 Nf6 2. c4 e6 3. Nf3 c5 4. d5 exd5 5. cxd5 d6 6. Nc3 g6 7. e4 Bg7 8. Bg5
O-O 9. Be2 a6 10. O-O Nbd7 11. Qd2 Re8 12. Bd3 Qc7 13. a4 c4 14. Bc2 Nc5 15.
Rfe1 Bd7 16. a5 b5 17. axb6 Qxb6 18. Ra2 Qb4 19. h3 a5 20. g4 Bc8 21. Nd4 Bd7
22. Kg2 Nb3 23. Bxb3 cxb3 24. Ra3 Nxe4 25. Rxe4 Rxe4 26. Nxe4 Qxd4 27. Qxd4
Bxd4 28. Rxb3 Kg7 29. Nxd6 Bc5 30. Ne4 Bb4 31. Bf6+ Kf8 32. Bc3 Rb8 33. Bxb4+
axb4 34. Nc5 Bb5 35. Nd3 Bxd3 36. Rxd3 Ke7 37. d6+ Kd7 38. Kf3 Rb6 39. Ke4 f6
40. b3 Rc6 41. f3 f5+ 42. gxf5 gxf5+ 43. Kxf5 Rc3 44. Ke4 1-0

[Event "Hilton Open 2013"]
[Site "Basel"]
[Date "2013.01.03"]
[Round "4.43"]
[White "Prill, Gerhard"]
[Black "Spiess, Thomas"]
[Result "1/2-1/2"]
[WhiteElo "2056"]
[BlackElo "2028"]
[PlyCount "45"]
[EventDate "2013.??.??"]
[SourceDate "2013.01.01"]

1. e4 c5 2. Nf3 e6 3. d4 cxd4 4. Nxd4 Nc6 5. Nb5 d6 6. c4 Nf6 7. N1c3 a6 8. Na3
Be7 9. Be2 O-O 10. Be3 b6 11. O-O Bb7 12. Nc2 Qc7 13. f3 Rac8 14. Qe1 Ne5 15.
Rc1 Nxc4 16. Bxc4 Qxc4 17. Bxb6 d5 18. exd5 Nxd5 19. Nxd5 Qxd5 20. b3 Bf6 21.
Bf2 Rfd8 22. Ne3 Qg5 23. Qe2 1/2-1/2

[Event "Hilton Open 2013"]
[Site "Basel"]
[Date "2013.01.03"]
[Round "4.44"]
[White "Brait, Wolfgang"]
[Black "Jud, Marc"]
[Result "1/2-1/2"]
[WhiteElo "2021"]
[BlackElo "2032"]
[PlyCount "82"]
[EventDate "2013.??.??"]
[SourceDate "2013.01.01"]

1. d4 Nf6 2. c4 g6 3. Nc3 d5 4. e3 Bg7 5. Nf3 O-O 6. Bd3 dxc4 7. Bxc4 c5 8. h3
cxd4 9. Qxd4 Nc6 10. Qxd8 Rxd8 11. a3 Bf5 12. Bd2 Rac8 13. Rc1 e6 14. Bb5 Ne4
15. g4 Nxc3 16. Bxc6 Be4 17. Bxe4 Nxe4 18. Rxc8 Rxc8 19. Nd4 Bxd4 20. exd4 Rc2
21. Be3 Rxb2 22. O-O Nc3 23. d5 exd5 24. Bxa7 Nb5 25. Bc5 Rc2 26. Bb4 d4 27.
Re1 Nc7 28. Re7 b6 29. Rd7 Ne6 30. Be7 Rc7 31. Rxc7 Nxc7 32. Kf1 Nd5 33. Bd6
Nc3 34. Bb4 Nd5 35. Bd6 f5 36. gxf5 gxf5 37. Ke2 Nc3+ 38. Kd3 Ne4 39. Bg3 Kf7
40. Kxd4 Ke6 41. Bh4 Kd6 1/2-1/2

[Event "Hilton Open 2013"]
[Site "Basel"]
[Date "2013.01.04"]
[Round "5.1"]
[White "Istratescu, Andrei"]
[Black "Grachev, Boris"]
[Result "1/2-1/2"]
[WhiteElo "2654"]
[BlackElo "2688"]
[PlyCount "138"]
[EventDate "2013.??.??"]
[SourceDate "2013.01.01"]

1. e4 c6 2. d4 d5 3. e5 c5 4. dxc5 e6 5. a3 Nc6 6. Nf3 Bxc5 7. Bd3 Nge7 8. b4
Bb6 9. O-O Ng6 10. Bb2 Nf4 11. c4 Nxd3 12. Qxd3 dxc4 13. Qxc4 O-O 14. Nc3 Ne7
15. Rad1 Nd5 16. Qg4 f5 17. exf6 Nxf6 18. Qh4 Nd5 19. Qe4 Qe8 20. Nxd5 exd5 21.
Qxd5+ Qf7 22. Qg5 Bf5 23. Ne5 Qf6 24. Qxf6 Rxf6 25. Nc4 Rc6 26. Nxb6 Rxb6 27.
h3 a5 28. Bd4 Rg6 29. Kh2 axb4 30. axb4 Be4 31. f3 Bc6 32. Bc5 h6 33. Rf2 b6
34. Bxb6 Bxf3 35. Rxf3 Rxb6 36. Rd7 Kh7 37. Rg3 Rg8 38. Rg4 h5 39. Re4 Rgb8 40.
Rdd4 Kh6 41. Rc4 Ra8 42. Re2 Rf8 43. Kg1 Rf5 44. Rec2 g6 45. h4 Rfb5 46. Rb2 g5
47. hxg5+ Kxg5 48. Kf2 Kh6 49. Ke3 Rg5 50. Rf4 Rbg6 51. Rff2 h4 52. Kd4 Rd6+
53. Kc4 Rc6+ 54. Kb3 Kh5 55. Rbc2 Rb6 56. Rc4 Rbg6 57. Rff4 Rxg2 58. Rxh4+ Kg5
59. Rh8 Kf5 60. b5 Ke5 61. Kb4 Rb2+ 62. Kc5 Rg5 63. Rh6 Rg8 64. b6 Rc8+ 65. Rc6
Rd8 66. Rc1 Rd5+ 67. Kc4 Rd4+ 68. Kc5 Rd5+ 69. Kc4 Rd4+ 1/2-1/2

[Event "Hilton Open 2013"]
[Site "Basel"]
[Date "2013.01.04"]
[Round "5.2"]
[White "Vachier Lagrave, Maxime"]
[Black "Turov, Maxim"]
[Result "1/2-1/2"]
[WhiteElo "2711"]
[BlackElo "2630"]
[PlyCount "42"]
[EventDate "2013.??.??"]
[SourceDate "2013.01.01"]

1. e4 c6 2. d4 d5 3. e5 c5 4. dxc5 e6 5. Qg4 h5 6. Qg3 Ne7 7. Bd3 Na6 8. Be3
Nb4 9. Nf3 Nxd3+ 10. cxd3 Nf5 11. Qf4 Nxe3 12. fxe3 Bxc5 13. O-O O-O 14. Nc3 f6
15. d4 fxe5 16. Qxe5 Rf5 17. Qg3 Bd6 18. Ne5 Rg5 19. Qf4 Rf5 20. Qg3 Rg5 21.
Qf4 Rf5 1/2-1/2

[Event "Hilton Open 2013"]
[Site "Basel"]
[Date "2013.01.04"]
[Round "5.3"]
[White "Van Kampen, Robin"]
[Black "Melkumyan, Hrant"]
[Result "1/2-1/2"]
[WhiteElo "2581"]
[BlackElo "2656"]
[PlyCount "161"]
[EventDate "2013.??.??"]
[SourceDate "2013.01.01"]

1. e4 e5 2. Nf3 Nc6 3. Bb5 a6 4. Ba4 Nf6 5. O-O Be7 6. d3 b5 7. Bb3 d6 8. a4
Bd7 9. c3 Na5 10. Bc2 c5 11. d4 Qb8 12. axb5 axb5 13. b3 Bg4 14. Nbd2 cxd4 15.
cxd4 O-O 16. h3 Bh5 17. Bb2 Nc6 18. Rxa8 Qxa8 19. Qa1 Bg6 20. dxe5 Qxa1 21.
Rxa1 dxe5 22. Bxe5 Rc8 23. Bb2 Bb4 24. Bd3 Na5 25. Bxb5 Rb8 26. Bd3 Rd8 27. Bc2
Bxd2 28. Bxf6 gxf6 29. Rd1 Nxb3 30. Bxb3 Ba5 31. Rxd8+ Bxd8 32. Bc2 Kg7 33. g3
Bh5 34. g4 Bg6 35. Ne1 h5 36. f4 Bh7 37. Kf2 Bg8 38. Bb3 hxg4 39. hxg4 Bh7 40.
Kf3 Bb6 41. Ng2 Bc7 42. Bd5 Bd6 43. Nh4 Bc7 44. Ke3 Bb6+ 45. Kd3 Bc7 46. f5 Be5
47. Nf3 Bb2 48. Kc4 Kf8 49. Kc5 Ke7 50. Nd4 Bg8 51. Nb5 Kd7 52. Bc6+ Ke7 53.
Kb6 Be5 54. Kb7 Kd8 55. Na7 Bb2 56. Ba4 Ba1 57. Nc6+ Kd7 58. Nb8+ Kd8 59. Nd7
Bd4 60. Kc6 Bb2 61. Kd6 Ba3+ 62. Kd5 Ke7 63. e5 fxe5 64. f6+ Ke8 65. Nxe5+ Kf8
66. Nd7+ Ke8 67. Ne5+ Kf8 68. Bc2 Bc1 69. Nf3 Ke8 70. Bf5 Kd8 71. Ne5 Ke8 72.
Nd3 Bg5 73. Ke5 Bd2 74. Kd6 Bg5 75. Bd7+ Kf8 76. Ke5 Bd2 77. Ke4 Bg5 78. Ke5
Bd2 79. Ke4 Bg5 80. Kf5 Bd2 81. Ke4 1/2-1/2

[Event "Hilton Open 2013"]
[Site "Basel"]
[Date "2013.01.04"]
[Round "5.4"]
[White "Edouard, Romain"]
[Black "Lekic, Dusan"]
[Result "1-0"]
[WhiteElo "2686"]
[BlackElo "2411"]
[PlyCount "93"]
[EventDate "2013.??.??"]
[SourceDate "2013.01.01"]

1. Nf3 d5 2. d4 Nf6 3. c4 c6 4. Nc3 e6 5. Bg5 h6 6. Bxf6 Qxf6 7. e3 Nd7 8. Bd3
dxc4 9. Bxc4 g6 10. O-O Bg7 11. Bb3 O-O 12. Ne4 Qe7 13. Qc2 Kh8 14. Rad1 e5 15.
dxe5 Nxe5 16. Nxe5 Bxe5 17. f4 Bg7 18. Nd6 f5 19. Rfe1 Be6 20. e4 Bxb3 21. axb3
fxe4 22. Rxe4 Qf6 23. Nxb7 Rab8 24. Rd7 Qf5 25. Qd3 Rf7 26. Rxf7 Qxf7 27. Nc5
Qd5 28. Qe3 Bxb2 29. h3 Bg7 30. Re8+ Kh7 31. Re7 Re8 32. Kh2 Rxe7 33. Qxe7 Qf5
34. Kg3 Qf6 35. Qxf6 Bxf6 36. Nd7 Kg7 37. Kf3 Bc3 38. Ke4 a5 39. Ne5 c5 40. Kd5
Kf6 41. Nd3 g5 42. Nxc5 Kf5 43. fxg5 hxg5 44. g4+ Kf4 45. Ne6+ Kg3 46. Nxg5 Kh4
47. Ne6 1-0

[Event "Hilton Open 2013"]
[Site "Basel"]
[Date "2013.01.04"]
[Round "5.6"]
[White "Vajda, Levente"]
[Black "Loetscher, Roland"]
[Result "1-0"]
[WhiteElo "2603"]
[BlackElo "2395"]
[PlyCount "73"]
[EventDate "2013.??.??"]
[SourceDate "2013.01.01"]

1. e4 c5 2. c3 d5 3. exd5 Qxd5 4. d4 Nf6 5. Nf3 Bg4 6. dxc5 Qxd1+ 7. Kxd1 Nc6
8. b4 a5 9. b5 Ne5 10. Nbd2 e6 11. c6 bxc6 12. Ke1 Bd6 13. bxc6 O-O 14. Nd4
Rfc8 15. Bb5 Nd5 16. Ne4 Bf8 17. f4 Ng6 18. Nf2 e5 19. Nxg4 exd4 20. cxd4 Bb4+
21. Kf2 Bc3 22. Be3 Bxa1 23. Rxa1 Ngxf4 24. Bxf4 Nxf4 25. Ne3 Ne6 26. d5 Nc7
27. Bc4 Ne8 28. Rd1 Nd6 29. Bd3 Rc7 30. Nc4 Nxc4 31. Bxc4 Rd8 32. Bb5 Rd6 33.
Ke3 Kf8 34. Kd4 Rg6 35. Kc5 Rg5 36. Kb6 Rc8 37. c7 1-0

[Event "Hilton Open 2013"]
[Site "Basel"]
[Date "2013.01.04"]
[Round "5.7"]
[White "Filipovic, Branko"]
[Black "Ghaem Maghami, Ehsan"]
[Result "0-1"]
[WhiteElo "2369"]
[BlackElo "2572"]
[PlyCount "108"]
[EventDate "2013.??.??"]
[SourceDate "2013.01.01"]

1. e4 c5 2. g3 g6 3. Bg2 Bg7 4. d3 Nc6 5. f4 d6 6. Nf3 e5 7. Nc3 Nge7 8. f5
gxf5 9. O-O Nd4 10. Nh4 f4 11. Rf2 Ng6 12. Nf5 Nxf5 13. exf5 Bxf5 14. Bxb7 Rb8
15. Bc6+ Bd7 16. Bxd7+ Qxd7 17. Qh5 O-O 18. Nd5 f5 19. gxf4 Qf7 20. c4 Nxf4 21.
Qxf7+ Rxf7 22. Nxf4 exf4 23. Kg2 Bd4 24. Rf1 Rg7+ 25. Kf3 Be5 26. Rb1 Rg4 27.
Bd2 Rh4 28. Rf2 Kf7 29. Ke2 Bd4 30. Rg2 Re8+ 31. Kf3 Rh3+ 32. Kxf4 Kf6 33. Rg3
Rxh2 34. Bc3 Rf2+ 35. Rf3 Rxf3+ 36. Kxf3 Re3+ 37. Kf2 Rxd3+ 38. Ke2 Re3+ 39.
Kd2 Re4 40. Rh1 Kg6 41. Bxd4 Rxd4+ 42. Kc3 h5 43. a3 a5 44. Kb3 f4 45. Ka4 Rd2
46. Rb1 f3 47. Kxa5 f2 48. b4 Ra2 49. b5 Rxa3+ 50. Kb6 Rf3 51. Rf1 Kg5 52. Kc7
Kg4 53. b6 Kg3 54. b7 Rf7+ 0-1

[Event "Hilton Open 2013"]
[Site "Basel"]
[Date "2013.01.04"]
[Round "5.8"]
[White "Toth, Bela"]
[Black "Fier, Alexandr"]
[Result "0-1"]
[WhiteElo "2352"]
[BlackElo "2573"]
[PlyCount "62"]
[EventDate "2013.??.??"]
[SourceDate "2013.01.01"]

1. d4 Nf6 2. c4 g6 3. g3 Bg7 4. Bg2 O-O 5. Nc3 d6 6. Nf3 Nc6 7. O-O a6 8. h3
Rb8 9. Be3 b5 10. Nd2 Bd7 11. Rc1 e6 12. b3 Ne7 13. Nde4 Ne8 14. f4 b4 15. Nb1
f5 16. Ned2 Nf6 17. Bf2 Bc6 18. Bxc6 Nxc6 19. Qc2 e5 20. d5 Ne7 21. fxe5 dxe5
22. e4 Qd7 23. Bc5 Rf7 24. Bxe7 Rxe7 25. exf5 e4 26. g4 Qd6 27. Kg2 e3 28. g5
exd2 29. Qxd2 Rbe8 30. Rce1 Ne4 31. Qf4 gxf5 0-1

[Event "Hilton Open 2013"]
[Site "Basel"]
[Date "2013.01.04"]
[Round "5.10"]
[White "Hansen, Eric"]
[Black "Kvetny, Mark"]
[Result "1-0"]
[WhiteElo "2568"]
[BlackElo "2201"]
[PlyCount "81"]
[EventDate "2013.??.??"]
[SourceDate "2013.01.01"]

1. e4 c5 2. Nf3 d6 3. d4 cxd4 4. Nxd4 Nf6 5. Nc3 a6 6. Be3 e5 7. Nb3 Be6 8. h3
Be7 9. Qf3 O-O 10. g4 d5 11. exd5 Nxd5 12. O-O-O Nxc3 13. Rxd8 Rxd8 14. bxc3
Bd5 15. Qf5 Bxh1 16. Kb2 Bd5 17. Bb6 Be6 18. Qe4 Rd7 19. Bd3 g6 20. Qxe5 Nc6
21. Qe3 Bf6 22. f4 Rc8 23. Nc5 Re7 24. Ne4 Bg7 25. Qc5 Rd7 26. Qg5 Nb4 27. Bd4
Rxd4 28. cxd4 Bxd4+ 29. Ka3 Nd5 30. f5 f6 31. Qd2 Bf7 32. Bf1 Be3 33. Qe1 Bd4
34. Bd3 b5 35. fxg6 Bxg6 36. Nxf6+ Bxf6 37. Qe6+ Kg7 38. Qxc8 Be7+ 39. Kb2 Bf6+
40. Kc1 Bg5+ 41. Kd1 1-0

[Event "Hilton Open 2013"]
[Site "Basel"]
[Date "2013.01.04"]
[Round "5.11"]
[White "Faibisovich, Vadim Z"]
[Black "Gavrilov, Alexei"]
[Result "0-1"]
[WhiteElo "2349"]
[BlackElo "2501"]
[PlyCount "80"]
[EventDate "2013.??.??"]
[SourceDate "2013.01.01"]

1. e4 e6 2. d4 d5 3. Nd2 c5 4. exd5 exd5 5. Ngf3 Nf6 6. Bb5+ Bd7 7. Bxd7+ Nbxd7
8. O-O Be7 9. dxc5 Nxc5 10. Nb3 Nce4 11. Nbd4 Qc8 12. Be3 O-O 13. Qd3 Re8 14.
Rad1 a6 15. Ne2 Bc5 16. Bxc5 Nxc5 17. Qd2 Na4 18. c3 b5 19. Ned4 Qd7 20. Rfe1
Ne4 21. Qc2 Rac8 22. Qb3 g6 23. Nc2 Nec5 24. Rxe8+ Qxe8 25. Qxd5 Nxb2 26. Re1
Qd8 27. Nb4 Qxd5 28. Nxd5 Rd8 29. Nb4 Nba4 30. h4 Nxc3 31. Re7 Rd7 32. Re8+ Kg7
33. Rc8 N3e4 34. Ne5 Rd1+ 35. Kh2 Nxf2 36. g4 Nce4 37. Rc7 Rd2 38. Nxf7 Nxg4+
39. Kg1 Kf6 40. Nxa6 Ne3 0-1

[Event "Hilton Open 2013"]
[Site "Basel"]
[Date "2013.01.04"]
[Round "5.12"]
[White "Heimann, Andreas"]
[Black "Bogdanovich, Grigory"]
[Result "1-0"]
[WhiteElo "2489"]
[BlackElo "2343"]
[PlyCount "89"]
[EventDate "2013.??.??"]
[SourceDate "2013.01.01"]

1. e4 c5 2. Nf3 Nf6 3. e5 Nd5 4. Nc3 Nxc3 5. dxc3 Nc6 6. Bf4 h6 7. e6 dxe6 8.
Qxd8+ Nxd8 9. Ne5 f6 10. Bb5+ Nc6 11. Nxc6 Bd7 12. O-O-O Bxc6 13. Bxc6+ bxc6
14. Be3 h5 15. Bxc5 h4 16. g4 hxg3 17. hxg3 Rxh1 18. Rxh1 Kd7 19. b4 e5 20. Rh8
a6 21. Kb2 Rd8 22. Kb3 Kc7 23. c4 Rb8 24. g4 Kb7 25. Kc3 Kc7 26. Kb3 Kb7 27. a4
Kc7 28. Ba7 Ra8 29. Bc5 Rb8 30. a5 g6 31. Rg8 g5 32. Ka4 Kb7 33. b5 Rd8 34. Rh8
e4 35. c3 Re8 36. Kb4 Rd8 37. Rh7 Rc8 38. Rf7 Re8 39. Ka4 Rc8 40. Kb4 Re8 41.
Ka4 Rc8 42. Bxe7 cxb5+ 43. cxb5 Rc7 44. bxa6+ Ka7 45. Bc5+ 1-0

[Event "Hilton Open 2013"]
[Site "Basel"]
[Date "2013.01.04"]
[Round "5.13"]
[White "Flueckiger, Christian"]
[Black "Vorotnikov, Vladislav V"]
[Result "1/2-1/2"]
[WhiteElo "2344"]
[BlackElo "2464"]
[PlyCount "86"]
[EventDate "2013.??.??"]
[SourceDate "2013.01.01"]

1. e4 e5 2. Nf3 d6 3. d4 exd4 4. Nxd4 g6 5. Nc3 Bg7 6. Be3 Nf6 7. Qd2 Nc6 8. f3
O-O 9. O-O-O Nxd4 10. Bxd4 Be6 11. g4 c6 12. h4 Qa5 13. h5 c5 14. Be3 d5 15. h6
Bh8 16. Nxd5 Qxd2+ 17. Rxd2 Bxd5 18. exd5 Rfd8 19. c4 b6 20. Bd3 Nd7 21. b3 Be5
22. Re2 Re8 23. f4 Bd6 24. Kc2 Nf6 25. g5 Nh5 26. Rh4 Ng3 27. Re1 Nf5 28. Bxf5
gxf5 29. Rhh1 Re4 30. Bd2 Rae8 31. Kd1 Kf8 32. Rhf1 R8e7 33. Rxe4 Rxe4 34. Rf3
a6 35. a4 a5 36. Be3 Ke7 37. Ke2 Kd7 38. Rf1 Kc7 39. Kf3 Kb7 40. Re1 Bxf4 41.
Re2 Be5 42. Bc1 Rxe2 43. Kxe2 Kc8 1/2-1/2

[Event "Hilton Open 2013"]
[Site "Basel"]
[Date "2013.01.04"]
[Round "5.14"]
[White "Kurmann, Oliver"]
[Black "Vulevic, Vjekoslav"]
[Result "1/2-1/2"]
[WhiteElo "2456"]
[BlackElo "2299"]
[PlyCount "77"]
[EventDate "2013.??.??"]
[SourceDate "2013.01.01"]

1. e4 e5 2. Nf3 d6 3. d4 exd4 4. Nxd4 Nf6 5. Nc3 g6 6. Bf4 Bg7 7. Qd2 O-O 8.
O-O-O Nc6 9. Nxc6 bxc6 10. e5 Nd5 11. Nxd5 cxd5 12. Bg5 Qd7 13. Bf6 c6 14. Bxg7
Kxg7 15. Qc3 Kg8 16. h4 dxe5 17. Qxe5 Re8 18. Qc3 h5 19. Qg3 a5 20. Bd3 Ba6 21.
Bxa6 Rxa6 22. Rhe1 Raa8 23. Qc3 Qf5 24. Qd4 Rxe1 25. Rxe1 c5 26. Qe3 a4 27. a3
Rc8 28. f3 Qf6 29. Qg5 Qc6 30. Qe5 d4 31. g4 Qxf3 32. gxh5 Qxh5 33. Qxh5 gxh5
34. Re5 Kg7 35. Rxh5 Kf6 36. Kd2 Ke6 37. Kd3 f5 38. Rh7 Ke5 39. Re7+ 1/2-1/2

[Event "Hilton Open 2013"]
[Site "Basel"]
[Date "2013.01.04"]
[Round "5.15"]
[White "Grandadam, Nicolas"]
[Black "Dann, Matthias"]
[Result "0-1"]
[WhiteElo "2322"]
[BlackElo "2432"]
[PlyCount "100"]
[EventDate "2013.??.??"]
[SourceDate "2013.01.01"]

1. Nf3 Nf6 2. c4 g6 3. Nc3 Bg7 4. e4 O-O 5. d4 c6 6. d5 d6 7. Be2 Bg4 8. Nd4
Bxe2 9. Ndxe2 Nbd7 10. Rb1 a6 11. dxc6 bxc6 12. O-O Nc5 13. f3 a5 14. Be3 Nfd7
15. Na4 Nxa4 16. Qxa4 Qc7 17. Rfd1 Rfb8 18. Qc2 a4 19. b4 axb3 20. axb3 Ra3 21.
Bd4 Bxd4+ 22. Nxd4 Rba8 23. Kh1 Ra2 24. Rb2 Rxb2 25. Qxb2 Qb6 26. h3 Ra6 27.
Kh2 Qa5 28. Kh1 c5 29. Nb5 Qa2 30. Qc3 Ne5 31. f4 Nc6 32. e5 dxe5 33. fxe5 Qe2
34. Re1 Qf2 35. Ra1 Rxa1+ 36. Qxa1 Nd4 37. Qd1 Ne6 38. Nc3 h5 39. Ne4 Qe3 40.
Qf3 Qd4 41. Nc3 Qxe5 42. Nd5 Nd4 43. Qc3 e6 44. Nb6 Qe2 45. b4 Qd1+ 46. Kh2 Ne2
47. Qe3 Qd6+ 48. g3 Qxb6 49. bxc5 Qb2 50. Qf2 h4 0-1

[Event "Hilton Open 2013"]
[Site "Basel"]
[Date "2013.01.04"]
[Round "5.16"]
[White "Milosevic, Goran"]
[Black "Aguera Naredo, Javier"]
[Result "1-0"]
[WhiteElo "2328"]
[BlackElo "2417"]
[PlyCount "81"]
[EventDate "2013.??.??"]
[SourceDate "2013.01.01"]

1. e4 d6 2. d4 Nf6 3. Nc3 g6 4. Nf3 Bg7 5. Be2 O-O 6. O-O Bg4 7. Be3 Nc6 8. h3
Bxf3 9. Bxf3 Re8 10. Nd5 Nd7 11. c3 e6 12. Nf4 Nb6 13. Ne2 d5 14. e5 Ne7 15.
Bf4 c5 16. b3 Rc8 17. Qd2 Nd7 18. a4 Nc6 19. Rfc1 Na5 20. Rab1 c4 21. Bg5 Qc7
22. bxc4 Nxc4 23. Qf4 Ndb6 24. h4 Nxa4 25. h5 Nab6 26. hxg6 hxg6 27. Qh4 Nd7
28. g3 Ndxe5 29. dxe5 Nxe5 30. Nd4 Nxf3+ 31. Nxf3 b6 32. Kg2 Qc4 33. Nd4 Qd3
34. Rd1 Qe4+ 35. Qxe4 dxe4 36. Nb5 f6 37. Be3 Re7 38. Ra1 g5 39. Ra6 Kh7 40.
Rda1 Kg6 41. Rxa7 1-0

[Event "Hilton Open 2013"]
[Site "Basel"]
[Date "2013.01.04"]
[Round "5.17"]
[White "Georgiadis, Nico"]
[Black "Faraone, Ettore"]
[Result "1-0"]
[WhiteElo "2369"]
[BlackElo "2003"]
[PlyCount "97"]
[EventDate "2013.??.??"]
[SourceDate "2013.01.01"]

1. e4 c5 2. Nf3 a6 3. c3 d5 4. exd5 Qxd5 5. d4 Bg4 6. Be2 e6 7. O-O Nc6 8. h3
Bh5 9. Be3 cxd4 10. Nxd4 Bxe2 11. Nxe2 Nf6 12. Nf4 Qxd1 13. Rxd1 Be7 14. Nd2
O-O 15. Nb3 Rfd8 16. Nd3 Nd5 17. Bc5 b6 18. Bxe7 Ndxe7 19. a4 e5 20. f3 f5 21.
Kf1 Nd5 22. Ke2 e4 23. fxe4 fxe4 24. Ne1 Ne5 25. Rd4 Nf6 26. Rad1 Nc6 27. Rd6
Rxd6 28. Rxd6 Ne5 29. Nd2 Ned7 30. Nc2 Nc5 31. b3 Rb8 32. Nb4 Re8 33. Ke3 Re6
34. Rxe6 Nxe6 35. Nxa6 Nd5+ 36. Kxe4 Nxc3+ 37. Ke5 Kf7 38. Nc4 Nd8 39. Nxb6 Ne2
40. Nd5 Nc6+ 41. Kd6 Na5 42. b4 Nc4+ 43. Kc5 Nb2 44. a5 Ke6 45. Nac7+ Kd7 46.
a6 Na4+ 47. Kb5 Nb2 48. a7 Nd4+ 49. Ka6 1-0